| 000 | 00606nam a2200169 i 4500 | ||
|---|---|---|---|
| 001 | 25364 | ||
| 003 | ES-MaACL | ||
| 005 | 20230906153240.0 | ||
| 007 | t| | ||
| 008 | 021226s1933 hu ||||1| fre d | ||
| 100 | 1 |
_aApponyi, Albert. _922120 |
|
| 245 | 1 | 3 |
_aLa crise de la Société des Nations _b: conference faite à Vienne le 28 janvier 1933 à l'Association autrichienne pour la Société des Nations / _cAlbert Apponyi. |
| 260 |
_aBudapest : _bSociété de la Nouvelle Revue de Hongrie, _c1933. |
||
| 300 |
_a15 p. ; _c21 cm. |
||
| 610 | 2 | 4 |
_aSociedad de Naciones. _96682 |
| 852 |
_aES-MaACL _j1784-F-13 |
||
| 999 |
_c25364 _d25364 |
||